Factors determining human behavior.

Bibliographic Details
Corporate Author: Harvard Tercentenary Conference of Arts and Sciences, Cambridge, Mass.
Format: Conference Proceeding Book
Language:English
Published: Cambridge : Harvard University Press, 1937.
Series:Harvard tercentenary publications. [I]
Subjects:

MARC

Tag First Indicator Second Indicator Subfields
LEADER 00000cam a2200000 4500
001 in00000062006
005 20151008051110.0
008 750110s1937 eng u
010 |a  37002627  
035 |a (OCoLC)01136346 
035 |9 AAG5718AM 
040 |c OUN  |d TXA  |d UtOrBLW 
049 |a TXAM  |c [230614] 
050 0 0 |a BF21  |b .H3 
082 0 |a 150 
092 |a 150.4  |b H339f 
111 2 |a Harvard Tercentenary Conference of Arts and Sciences,  |d (1936 :  |c Cambridge, Mass.) 
245 1 0 |a Factors determining human behavior. 
264 1 |a Cambridge :  |b Harvard University Press,  |c 1937. 
300 |a 168 pages ;  |c 23 cm. 
336 |a text  |b txt  |2 rdacontent 
337 |a unmediated  |b n  |2 rdamedia 
338 |a volume  |b nc  |2 rdacarrier 
490 0 |a Harvard tercentenary publications. [I] 
505 0 |a The nervous system, by E. D. Adrian.--Hormones in relation to human behavior, by J. B. Collip.--Principal factors determining intellectual evolution from childhood to adult life, by Jean Piaget.--Psychological factors determining human behavior, by C. G. Jung.--Psychological strength and weakness in mental diseases, by Pierre Janet.--Logic, by Rudolf Carnap.--An example from the evidence of history, by A. L. Lowell.--Culture as a determinant of behavior, by Bronislaw Malinowski. 
650 0 |a Psychology. 
740 0 |a Behavior, Human. 
999 |a MARS 
999 f f |s 8c3d4065-998a-393f-8883-85ec34611c77  |i 3e6849ae-03b3-3383-963b-1eb3486b0414  |t 0 
952 f f |p ric  |a Texas A&M University  |b Rellis Campus  |c Joint Library Facility  |d Remote Storage  |t 0  |e BF21 .H3  |h Library of Congress classification  |i unmediated -- volume  |m A14800523542 
998 f f |a BF21 .H3  |t 0  |l Remote Storage